| 000 | 01454nam a2200193Ia 4500 | ||
|---|---|---|---|
| 008 | 240821s9999 xx 000 0 und d | ||
| 020 |
_a9781108986571 _qpbk |
||
| 041 | _aeng | ||
| 082 |
_a179.3 _bGRU |
||
| 100 | _aGruen, Lori | ||
| 245 | 0 |
_aEthics and Animals _c/ Lori Gruen |
|
| 250 | _a2nd ed. | ||
| 260 |
_bCambrdige _c2021 _aNew delhi |
||
| 300 |
_axvi, 255 p. _c24 c.m. |
||
| 504 | _aindex | ||
| 520 | _a"In this comprehensive updated introduction to animal ethics, Lori Gruen weaves together poignant and provocative case studies with discussions of ethical theory, urging readers to engage critically and reflect empathetically on our relationships with other animals. In clear and accessible language, Gruen discusses a range of issues central to human-animal relations and offers a reasoned new perspective on key debates in the field. She analyses and explains a range of theoretical positions and poses challenging questions that directly encourage readers to hone their ethical reasoning skills and to develop a defensible position about their own practices. Her book will be an invaluable resource for students in a wide range of disciplines including ethics, environmental studies, veterinary science, gender studies, and the emerging field of animal studies. The book is an engaging account of animal ethics for readers with no prior background in philosophy" | ||
| 650 | _aAnimal welfare Moral and ethical aspects | ||
| 942 | _cREF | ||
| 999 |
_c524477 _d524477 |
||